[Event "32. Open Andorra Hotel St.Gothard "]
[Site "Erts-La Massana AND"]
[Date "2014.07.24"]
[Round "6.20"]
[White "Bonnet, Philippe"]
[Black "Berthelot, Yannick"]
[Result "0-1"]
[WhiteElo "1943"]
[BlackElo "2278"]
[PlyCount "44"]
[EventDate "2014.07.19"]
[EventType "swiss"]
[EventRounds "9"]
[EventCountry "AND"]
[Source "lmi"]
[SourceDate "2014.07.19"]

1. e4 c5 2. c3 Nf6 3. e5 Nd5 4. d4 cxd4 5. cxd4 Nc6 6. Nc3 Nxc3 7. bxc3 d5 8.
Bd3 g6 9. Ne2 Bg7 10. Bg5 Qc7 11. O-O e6 12. Qd2 Bd7 13. Rfc1 Na5 14. c4 dxc4
15. Bxc4 Nxc4 16. Qb4 Bf8 17. Rxc4 Bxb4 18. Rxc7 Bc6 19. Bf6 O-O 20. Be7 Bxe7
21. Rxe7 Rfc8 22. d5 Bxd5 0-1

[Event "32. Open Andorra Hotel St.Gothard "]
[Site "Erts-La Massana AND"]
[Date "2014.07.25"]
[Round "7.1"]
[White "Tkachiev, Vladislav"]
[Black "Demuth, Adrien"]
[Result "1/2-1/2"]
[WhiteElo "2625"]
[BlackElo "2488"]
[PlyCount "87"]
[EventDate "2014.07.19"]
[EventType "swiss"]
[EventRounds "9"]
[EventCountry "AND"]
[Source "lmi"]
[SourceDate "2014.07.19"]

1. d4 d5 2. c4 e6 3. Nf3 c5 4. cxd5 exd5 5. Nc3 Nc6 6. dxc5 d4 7. Na4 Bxc5 8.
Nxc5 Qa5+ 9. Qd2 Qxc5 10. e3 dxe3 11. Qxe3+ Qxe3+ 12. Bxe3 Nge7 13. Bc4 h6 14.
O-O Be6 15. Bxe6 fxe6 16. Rac1 Nd5 17. Nd4 Nxd4 18. Bxd4 Kf7 19. Rc4 Rhc8 20.
Rfc1 Rxc4 21. Rxc4 Rd8 22. g3 Rd7 23. a3 a6 24. Kf1 b5 25. Rc1 Nb4 26. Be3 Nd3
27. Rc2 e5 28. f3 b4 29. Ke2 b3 30. Rc3 Nxb2 31. Rxb3 Nc4 32. Bc1 Ke6 33. Rb4
Rc7 34. Kd3 Kd5 35. Rb8 Nd6 36. Bd2 Rb7 37. Rxb7 Nxb7 38. g4 Nc5+ 39. Ke3 Ne6
40. Bb4 Nf4 41. Bf8 Ne6 42. Be7 Nf4 43. h4 g6 44. Bd8 1/2-1/2

[Event "32. Open Andorra Hotel St.Gothard "]
[Site "Erts-La Massana AND"]
[Date "2014.07.25"]
[Round "7.2"]
[White "Vovk, Andrey"]
[Black "Jerez Perez, Alfonso"]
[Result "1-0"]
[WhiteElo "2616"]
[BlackElo "2374"]
[PlyCount "59"]
[EventDate "2014.07.19"]
[EventType "swiss"]
[EventRounds "9"]
[EventCountry "AND"]
[Source "lmi"]
[SourceDate "2014.07.19"]

1. e4 e6 2. d4 d5 3. Nd2 Be7 4. Ngf3 Nf6 5. e5 Nfd7 6. Bd3 c5 7. c3 Nc6 8. O-O
g5 9. dxc5 Nxc5 10. Bb5 Nd7 11. c4 a6 12. cxd5 axb5 13. dxc6 bxc6 14. Ne4 g4
15. Bg5 gxf3 16. Nd6+ Kf8 17. Bh6+ Kg8 18. Re1 Nf8 19. Qxf3 Bxd6 20. Rad1 Qh4
21. Bxf8 Bxf8 22. Re4 Qg5 23. Rg4 h6 24. h4 Qxg4 25. Qxg4+ Kh7 26. Qe4+ Kg7 27.
Qxc6 Rb8 28. Rd3 Rg8 29. Qe8 b4 30. Rd8 1-0

[Event "32. Open Andorra Hotel St.Gothard "]
[Site "Erts-La Massana AND"]
[Date "2014.07.25"]
[Round "7.3"]
[White "Gretarsson, Hjorvar Steinn"]
[Black "Arngrimsson, Dagur"]
[Result "1-0"]
[WhiteElo "2535"]
[BlackElo "2366"]
[PlyCount "95"]
[EventDate "2014.07.19"]
[EventType "swiss"]
[EventRounds "9"]
[EventCountry "AND"]
[Source "lmi"]
[SourceDate "2014.07.19"]

1. d4 d5 2. c4 c6 3. Nc3 Nf6 4. Nf3 dxc4 5. a4 Bf5 6. Ne5 Nbd7 7. Nxc4 Nb6 8.
e3 e6 9. Qb3 Be7 10. a5 Nxc4 11. Bxc4 Qc7 12. f3 O-O 13. e4 Bg6 14. Be3 b5 15.
axb6 axb6 16. O-O Kh8 17. Rac1 Nd7 18. Ne2 Qa7 19. Nf4 Rfc8 20. Rfd1 Bf6 21.
Be2 Qa5 22. e5 Bd8 23. Nxg6+ hxg6 24. f4 b5 25. Bf3 Qa6 26. Rc2 Rc7 27. Rdc1
Rac8 28. Rc3 Qb7 29. Qc2 Nb8 30. g3 Be7 31. Qg2 b4 32. Rc4 Kg8 33. b3 Qa7 34.
Qb2 Bf8 35. Bf2 Qa3 36. Qb1 Qa5 37. h4 Qb5 38. Qc2 c5 39. dxc5 Nc6 40. Qd2 Rb8
41. Bxc6 Rxc6 42. Qd4 Qa5 43. Kg2 Rbc8 44. Qd2 Rb8 45. Kh3 Qa3 46. Qd1 Rbc8 47.
Ra1 Qb2 48. Bd4 1-0

[Event "32. Open Andorra Hotel St.Gothard "]
[Site "Erts-La Massana AND"]
[Date "2014.07.25"]
[Round "7.4"]
[White "Sjodahl, Pontus"]
[Black "Gozzoli, Yannick"]
[Result "0-1"]
[WhiteElo "2423"]
[BlackElo "2529"]
[PlyCount "74"]
[EventDate "2014.07.19"]
[EventType "swiss"]
[EventRounds "9"]
[EventCountry "AND"]
[Source "lmi"]
[SourceDate "2014.07.19"]

1. d4 d5 2. c4 c6 3. Nf3 Nf6 4. Qb3 dxc4 5. Qxc4 Bg4 6. Nbd2 e6 7. g3 Nbd7 8.
Bg2 Be7 9. O-O O-O 10. Ne5 Bh5 11. h3 Nxe5 12. dxe5 Nd7 13. g4 Bg6 14. f4 Nb6
15. Qb3 Qd4+ 16. e3 Qd3 17. e4 Qxb3 18. Nxb3 f6 19. exf6 Bxf6 20. Na5 Rab8 21.
Rb1 Na4 22. Be3 Nxb2 23. Rf2 Na4 24. Rxb7 Rxb7 25. Nxb7 Nc3 26. g5 Be7 27. Bxa7
Rxf4 28. Rc2 Nxe4 29. Be3 Nxg5 30. Rxc6 Nf3+ 31. Kf2 Rf8 32. Ke2 Bh5 33. Rc7
Bd8 34. Nxd8 Nh4+ 35. Kd3 Rxd8+ 36. Bd4 e5 37. Ke4 exd4 0-1

[Event "32. Open Andorra Hotel St.Gothard "]
[Site "Erts-La Massana AND"]
[Date "2014.07.25"]
[Round "7.5"]
[White "Riff, Jean-Noel"]
[Black "Comas Fabrego, Lluis"]
[Result "1-0"]
[WhiteElo "2482"]
[BlackElo "2512"]
[PlyCount "61"]
[EventDate "2014.07.19"]
[EventType "swiss"]
[EventRounds "9"]
[EventCountry "AND"]
[Source "lmi"]
[SourceDate "2014.07.19"]

1. e4 g6 2. d4 c6 3. Nc3 d5 4. f3 Nh6 5. Bf4 f6 6. Qd2 Nf7 7. h4 Bg7 8. h5 g5
9. Be3 h6 10. Bd3 O-O 11. Nge2 e6 12. f4 Na6 13. a3 Nc7 14. fxg5 fxg5 15. O-O-O
e5 16. exd5 Nxd5 17. Nxd5 Qxd5 18. Nc3 Qd8 19. d5 cxd5 20. Nxd5 e4 21. Bxe4 Bg4
22. Bd4 Ne5 23. Rde1 Qd6 24. Bc3 Nc4 25. Qd3 Bxc3 26. Qxc3 Rac8 27. Ne7+ Qxe7
28. Bd5+ Qf7 29. Bxf7+ Rxf7 30. Rhf1 Rfc7 31. Qf6 1-0

[Event "32. Open Andorra Hotel St.Gothard "]
[Site "Erts-La Massana AND"]
[Date "2014.07.25"]
[Round "7.6"]
[White "Granda Zuniga, Julio E"]
[Black "Barbot, Pierre"]
[Result "1-0"]
[WhiteElo "2674"]
[BlackElo "2411"]
[PlyCount "81"]
[EventDate "2014.07.19"]
[EventType "swiss"]
[EventRounds "9"]
[EventCountry "AND"]
[Source "lmi"]
[SourceDate "2014.07.19"]

1. d4 Nf6 2. c4 g6 3. Nc3 d5 4. cxd5 Nxd5 5. e4 Nxc3 6. bxc3 Bg7 7. Bb5+ c6 8.
Ba4 O-O 9. Ne2 c5 10. d5 e6 11. O-O exd5 12. exd5 Nd7 13. Be3 Be5 14. Rc1 Nb6
15. c4 Bg4 16. f3 Bd7 17. Bb3 Qc7 18. g3 Rfe8 19. Qd2 Nc8 20. Nf4 b6 21. Rfe1
Bg7 22. Nd3 Rxe3 23. Rxe3 Bd4 24. Nf2 Bxe3 25. Qxe3 Nd6 26. Qf4 Ne8 27. d6 Qc6
28. Rd1 Rd8 29. g4 Bc8 30. Ne4 Qd7 31. Rd5 f6 32. Nxf6+ Nxf6 33. Qxf6 Rf8 34.
Qc3 Bb7 35. Rd3 Re8 36. Ba4 Qxa4 37. d7 Rd8 38. Qf6 Rxd7 39. Qe6+ Rf7 40. Rd8+
Kg7 41. g5 1-0

[Event "32. Open Andorra Hotel St.Gothard "]
[Site "Erts-La Massana AND"]
[Date "2014.07.25"]
[Round "7.7"]
[White "Alvarado Diaz, Alejandro"]
[Black "Arizmendi Martinez, Julen Luis"]
[Result "1/2-1/2"]
[WhiteElo "2354"]
[BlackElo "2553"]
[PlyCount "31"]
[EventDate "2014.07.19"]
[EventType "swiss"]
[EventRounds "9"]
[EventCountry "AND"]
[Source "lmi"]
[SourceDate "2014.07.19"]

1. d4 e6 2. c4 Nf6 3. g3 c5 4. d5 exd5 5. cxd5 d6 6. Nc3 g6 7. Bg2 Bg7 8. Nf3
O-O 9. O-O a6 10. a4 Nbd7 11. h3 Re8 12. Nd2 Nh5 13. Nde4 Ndf6 14. Nd2 Nd7 15.
Nde4 Ndf6 16. Nd2 1/2-1/2

[Event "32. Open Andorra Hotel St.Gothard "]
[Site "Erts-La Massana AND"]
[Date "2014.07.25"]
[Round "7.8"]
[White "Berkovich, Mark A"]
[Black "Glud, Jakob Vang"]
[Result "1/2-1/2"]
[WhiteElo "2339"]
[BlackElo "2538"]
[PlyCount "86"]
[EventDate "2014.07.19"]
[EventType "swiss"]
[EventRounds "9"]
[EventCountry "AND"]
[Source "lmi"]
[SourceDate "2014.07.19"]

1. c4 Nf6 2. Nc3 e6 3. e4 d5 4. e5 Nfd7 5. cxd5 exd5 6. d4 Bb4 7. Nf3 c5 8. Be2
O-O 9. O-O Bxc3 10. bxc3 Nc6 11. Bd3 h6 12. Bf4 Re8 13. Qd2 c4 14. Bc2 Nf8 15.
Bg3 f5 16. exf6 Qxf6 17. Rab1 b6 18. Ne5 Ne7 19. Ba4 Rd8 20. Rbe1 a6 21. Nf3
Ra7 22. Bh4 g5 23. Bg3 b5 24. Bc2 Neg6 25. Ne5 Nf4 26. Re3 Rd6 27. Rf3 N8e6 28.
Ng6 Rf7 29. Ne5 Rb7 30. Ng6 b4 31. Nxf4 gxf4 32. Bxf4 bxc3 33. Qe3 Nxf4 34.
Rxf4 Qe6 35. Qxc3 Rg7 36. Re1 Qd7 37. Qf3 Qd8 38. h3 Re6 39. Rxe6 Bxe6 40. Qe3
Bf7 41. Qe5 Qe8 42. Qf6 Qe6 43. Qd8+ Qe8 1/2-1/2

[Event "32. Open Andorra Hotel St.Gothard "]
[Site "Erts-La Massana AND"]
[Date "2014.07.25"]
[Round "7.9"]
[White "Berthelot, Yannick"]
[Black "Kantsler, Boris"]
[Result "1/2-1/2"]
[WhiteElo "2278"]
[BlackElo "2429"]
[PlyCount "36"]
[EventDate "2014.07.19"]
[EventType "swiss"]
[EventRounds "9"]
[EventCountry "AND"]
[Source "lmi"]
[SourceDate "2014.07.19"]

1. e4 c5 2. Nf3 e6 3. d4 cxd4 4. Nxd4 a6 5. Bd3 Bc5 6. Nb3 Be7 7. Qg4 Bf6 8.
Qg3 d6 9. N1d2 Nc6 10. Nc4 Ne5 11. Nxe5 dxe5 12. Be3 Ne7 13. O-O-O Qc7 14. f3
b6 15. Qf2 Rb8 16. Rd2 Nc6 17. Kb1 O-O 18. Rhd1 Be7 1/2-1/2

[Event "32. Open Andorra Hotel St.Gothard "]
[Site "Erts-La Massana AND"]
[Date "2014.07.25"]
[Round "7.10"]
[White "Rios, Cristhian Camilo"]
[Black "Nilsen, Joachim Birger"]
[Result "1-0"]
[WhiteElo "2421"]
[BlackElo "2346"]
[PlyCount "71"]
[EventDate "2014.07.19"]
[EventType "swiss"]
[EventRounds "9"]
[EventCountry "AND"]
[Source "lmi"]
[SourceDate "2014.07.19"]

1. d4 Nf6 2. c4 e6 3. Nc3 Bb4 4. Nf3 O-O 5. Bg5 c5 6. Rc1 cxd4 7. Nxd4 Nc6 8.
e3 a6 9. Be2 Be7 10. O-O d6 11. Qd2 Nxd4 12. exd4 b6 13. Bf3 Rb8 14. Be3 Bb7
15. d5 e5 16. b4 Bc8 17. Rfd1 Nd7 18. Be2 f5 19. f3 h6 20. f4 exf4 21. Bxf4 Bg5
22. Bd3 Ne5 23. Ne2 Bd7 24. Rf1 Rc8 25. Nd4 Bxf4 26. Rxf4 Qg5 27. Bf1 Qf6 28.
Be2 Qg5 29. Ne6 Bxe6 30. dxe6 Rfe8 31. Rcf1 Nxc4 32. Bxc4 Rxc4 33. h4 Rxf4 34.
hxg5 Rxf1+ 35. Kxf1 Rxe6 36. Qd5 1-0

[Event "32. Open Andorra Hotel St.Gothard "]
[Site "Erts-La Massana AND"]
[Date "2014.07.25"]
[Round "7.11"]
[White "Kogan, Artur"]
[Black "Navrotescu, Andreea-Cristiana"]
[Result "1-0"]
[WhiteElo "2548"]
[BlackElo "2181"]
[PlyCount "45"]
[EventDate "2014.07.19"]
[EventType "swiss"]
[EventRounds "9"]
[EventCountry "AND"]
[Source "lmi"]
[SourceDate "2014.07.19"]

1. e4 c5 2. Nf3 Nc6 3. Bb5 Nf6 4. Qe2 g6 5. c3 Bg7 6. O-O O-O 7. Rd1 Qb6 8. Na3
a6 9. Ba4 Qc7 10. e5 Nd5 11. d4 cxd4 12. Bb3 e6 13. cxd4 b5 14. Bxd5 exd5 15.
Bf4 Nd8 16. Rac1 Qb6 17. Qd2 Ne6 18. Bh6 d6 19. Nc2 Bb7 20. Bxg7 Kxg7 21. Ne3
Rac8 22. Ng4 Kh8 23. Nf6 1-0

[Event "32. Open Andorra Hotel St.Gothard "]
[Site "Erts-La Massana AND"]
[Date "2014.07.25"]
[Round "7.12"]
[White "Narciso Dublan, Marc"]
[Black "Gandrud, Vegar Koi"]
[Result "1/2-1/2"]
[WhiteElo "2523"]
[BlackElo "2210"]
[PlyCount "55"]
[EventDate "2014.07.19"]
[EventType "swiss"]
[EventRounds "9"]
[EventCountry "AND"]
[Source "lmi"]
[SourceDate "2014.07.19"]

1. e4 c5 2. Nc3 Nc6 3. g3 g6 4. Bg2 Bg7 5. d3 d6 6. Be3 Rb8 7. Qd2 b5 8. Nge2
b4 9. Nd1 Nf6 10. Bh6 O-O 11. Bxg7 Kxg7 12. O-O Qc7 13. Ne3 Nd4 14. f4 Nxe2+
15. Qxe2 h5 16. Rae1 e6 17. e5 Ne8 18. g4 hxg4 19. Nxg4 Bb7 20. Bxb7 Rxb7 21.
Qg2 Rb6 22. f5 exf5 23. Ne3 dxe5 24. Nd5 Qd7 25. Nxb6 axb6 26. Qe2 f6 27. Qg2
f4 28. Kh1 1/2-1/2

[Event "32. Open Andorra Hotel St.Gothard "]
[Site "Erts-La Massana AND"]
[Date "2014.07.25"]
[Round "7.13"]
[White "Almeida Quintana, Omar"]
[Black "Hagen, Anders Gjerdrum"]
[Result "1-0"]
[WhiteElo "2492"]
[BlackElo "2203"]
[PlyCount "67"]
[EventDate "2014.07.19"]
[EventType "swiss"]
[EventRounds "9"]
[EventCountry "AND"]
[Source "lmi"]
[SourceDate "2014.07.19"]

1. d4 Nf6 2. c4 e6 3. Nf3 Bb4+ 4. Nbd2 O-O 5. a3 Be7 6. e3 b6 7. Bd3 Bb7 8. O-O
d5 9. b3 Nbd7 10. Bb2 c5 11. Qe2 cxd4 12. exd4 Rc8 13. Rfe1 Qc7 14. Rac1 Qb8
15. Ne5 Rfe8 16. f4 Nf8 17. Rf1 a5 18. a4 Bb4 19. f5 exf5 20. Bxf5 Rc7 21. Ndf3
Bc8 22. Bb1 Bg4 23. Qf2 Bxf3 24. Qxf3 Ng6 25. cxd5 Rxc1 26. Rxc1 Qd8 27. Bxg6
hxg6 28. Rc6 Qxd5 29. Rxf6 Rxe5 30. Qxd5 Rxd5 31. Rxb6 Rf5 32. Bc1 Kf8 33. Rb7
Rf6 34. Rb8+ 1-0

[Event "32. Open Andorra Hotel St.Gothard "]
[Site "Erts-La Massana AND"]
[Date "2014.07.25"]
[Round "7.14"]
[White "Silva Rodriguez, Fernando"]
[Black "Mikkelsen, Nikolaj"]
[Result "1-0"]
[WhiteElo "2202"]
[BlackElo "2443"]
[PlyCount "67"]
[EventDate "2014.07.19"]
[EventType "swiss"]
[EventRounds "9"]
[EventCountry "AND"]
[Source "lmi"]
[SourceDate "2014.07.19"]

1. d4 Nf6 2. c4 Nc6 3. Nf3 e6 4. a3 d6 5. Nc3 g6 6. e4 Bg7 7. Be2 O-O 8. O-O
Re8 9. Bf4 Nd7 10. Be3 e5 11. d5 Ne7 12. Ne1 f5 13. f3 f4 14. Bf2 g5 15. g4 h5
16. h3 Kf7 17. Kg2 Rh8 18. Nd3 b6 19. b4 Rh6 20. c5 bxc5 21. bxc5 Ng6 22. Rh1
Nf6 23. Nb4 Qh8 24. cxd6 hxg4 25. hxg4 Bxg4 26. fxg4 f3+ 27. Kxf3 Rh3+ 28. Bg3
Nxg4 29. Qf1 Nh2+ 30. Rxh2 Rxh2 31. Ke3+ Kg8 32. Bxh2 Qxh2 33. dxc7 Nf8 34. Qf5
1-0

[Event "32. Open Andorra Hotel St.Gothard "]
[Site "Erts-La Massana AND"]
[Date "2014.07.25"]
[Round "7.15"]
[White "Zumsande, Martin"]
[Black "Rivera, Ingris"]
[Result "1-0"]
[WhiteElo "2430"]
[BlackElo "2190"]
[PlyCount "129"]
[EventDate "2014.07.19"]
[EventType "swiss"]
[EventRounds "9"]
[EventCountry "AND"]
[Source "lmi"]
[SourceDate "2014.07.19"]

1. e4 c5 2. c3 Nf6 3. e5 Nd5 4. Nf3 Nc6 5. Bc4 Nb6 6. Bb3 c4 7. Bc2 d5 8. exd6
Qxd6 9. O-O Bg4 10. Re1 e6 11. b3 Be7 12. Qe2 cxb3 13. axb3 O-O 14. d4 Rfd8 15.
Nbd2 Qc7 16. Be4 Nd5 17. Bb2 Bf6 18. Nf1 Bh5 19. Ng3 Bg6 20. Bxg6 hxg6 21. Ne4
Nce7 22. c4 Nf4 23. Nxf6+ gxf6 24. Qe4 Rd7 25. g3 Nh5 26. g4 Ng7 27. Qe3 b5 28.
Rac1 bxc4 29. bxc4 Rb8 30. Ba1 Rb6 31. Nd2 Ne8 32. Qf3 Rc6 33. Rcd1 Rb6 34. d5
exd5 35. cxd5 Qd8 36. Nc4 Rb4 37. d6 Rxc4 38. dxe7 Qc8 39. Rxd7 Qxd7 40. h3 Rc6
41. Bc3 Re6 42. Rxe6 Qxe6 43. Qe3 a6 44. Qc5 Kh7 45. Bb4 Kg7 46. Kg2 Qe4+ 47.
f3 Qe6 48. Bc3 Kh7 49. h4 Qe2+ 50. Kg3 Qe6 51. Kf2 Qa2+ 52. Kf1 Qe6 53. g5 Qh3+
54. Ke2 fxg5 55. hxg5 Qg2+ 56. Ke1 Qxf3 57. Qe5 Qh1+ 58. Kd2 Qg2+ 59. Kc1 Qg1+
60. Kb2 Qb6+ 61. Ka3 Qd6+ 62. Qxd6 Nxd6 63. Bf6 Ne8 64. Ka4 Nc7 65. Ka5 1-0

[Event "32. Open Andorra Hotel St.Gothard "]
[Site "Erts-La Massana AND"]
[Date "2014.07.25"]
[Round "7.16"]
[White "Navrotescu, Catalin"]
[Black "Archangelsky, Mikhail"]
[Result "1-0"]
[WhiteElo "2415"]
[BlackElo "2177"]
[PlyCount "59"]
[EventDate "2014.07.19"]
[EventType "swiss"]
[EventRounds "9"]
[EventCountry "AND"]
[Source "lmi"]
[SourceDate "2014.07.19"]

1. c4 e5 2. g3 Nc6 3. Bg2 f5 4. Nc3 Nf6 5. e3 d5 6. cxd5 Nb4 7. d3 c6 8. a3
Nbxd5 9. Nge2 Bd6 10. O-O Qb6 11. e4 Nxc3 12. Nxc3 O-O 13. b4 Be6 14. Be3 Qc7
15. Rc1 Qb8 16. exf5 Bxf5 17. b5 Qe8 18. bxc6 bxc6 19. Qa4 Qh5 20. Ne4 Ng4 21.
h4 Nxe3 22. fxe3 Bxe4 23. Qxe4 Bxa3 24. Rxf8+ Rxf8 25. Ra1 Bd6 26. Rxa7 Qd1+
27. Kh2 Qe2 28. Qxc6 Qxe3 29. Qd5+ Kh8 30. Qxd6 1-0

[Event "32. Open Andorra Hotel St.Gothard "]
[Site "Erts-La Massana AND"]
[Date "2014.07.25"]
[Round "7.17"]
[White "Midoux, Sebastien"]
[Black "Franco Valencia, Beatriz Irene"]
[Result "1/2-1/2"]
[WhiteElo "2374"]
[BlackElo "2175"]
[PlyCount "89"]
[EventDate "2014.07.19"]
[EventType "swiss"]
[EventRounds "9"]
[EventCountry "AND"]
[Source "lmi"]
[SourceDate "2014.07.19"]

1. d4 d6 2. c4 e5 3. d5 f5 4. e4 a5 5. Nc3 Na6 6. exf5 Bxf5 7. Bd3 Bxd3 8. Qxd3
g6 9. h4 Nc5 10. Qe2 Bh6 11. f4 Qe7 12. fxe5 Bxc1 13. Rxc1 dxe5 14. d6 cxd6 15.
Nd5 Qg7 16. Nf3 Nh6 17. Nc3 Nf5 18. Rh3 O-O 19. Ne4 Nd4 20. Qe3 Rad8 21. h5 Nf5
22. Qe2 Nd4 23. Qe3 Nxe4 24. Qxe4 Nxf3+ 25. Rxf3 Rxf3 26. gxf3 g5 27. Rd1 Qf7
28. h6 Rd7 29. Rd5 Qe6 30. c5 Qxh6 31. cxd6 Rxd6 32. Qd3 Qh1+ 33. Kf2 Qh2+ 34.
Kf1 Qh3+ 35. Kf2 Qh4+ 36. Kg2 e4 37. fxe4 Qg4+ 38. Kf2 Rf6+ 39. Rf5 Rxf5+ 40.
exf5 Qf4+ 41. Kg2 Qc7 42. Kh3 h5 43. Qd5+ Kf8 44. Qd4 Qf4 45. Qd8+ 1/2-1/2

[Event "32. Open Andorra Hotel St.Gothard "]
[Site "Erts-La Massana AND"]
[Date "2014.07.25"]
[Round "7.18"]
[White "Amores Gago, Javier"]
[Black "Laclau, Daniel"]
[Result "1/2-1/2"]
[WhiteElo "2155"]
[BlackElo "2326"]
[PlyCount "88"]
[EventDate "2014.07.19"]
[EventType "swiss"]
[EventRounds "9"]
[EventCountry "AND"]
[Source "lmi"]
[SourceDate "2014.07.19"]

1. e4 c5 2. Nf3 e6 3. b3 d6 4. Bb5+ Nc6 5. Bxc6+ bxc6 6. Bb2 e5 7. h3 Nf6 8. d3
Be7 9. Nbd2 O-O 10. Qe2 Nd7 11. a4 Re8 12. O-O Nf8 13. Kh2 Ng6 14. g3 f5 15.
Ba3 f4 16. g4 Be6 17. Ne1 Qd7 18. f3 Kf7 19. Ng2 Rh8 20. Kg1 Qd8 21. c3 h5 22.
d4 hxg4 23. hxg4 Rh3 24. Qd1 Bh4 25. d5 cxd5 26. exd5 Bxd5 27. Ne4 Bxe4 28.
fxe4 Bg3 29. Qd5+ Ke7 30. Rfe1 f3 31. Qb7+ Kf6 32. g5+ Kxg5 33. Qxg7 fxg2 34.
Bc1+ Bf4 35. Bxf4+ Kxf4 36. Qf7+ Kg5 37. Qf5+ Kh4 38. Qxg6 Qg5 39. Qh7+ Qh5 40.
Qe7+ Kg4 41. Qe6+ Kf4 42. Qf6+ Kg4 43. Qe6+ Kf4 44. Qf6+ Kg4 1/2-1/2

[Event "32. Open Andorra Hotel St.Gothard "]
[Site "Erts-La Massana AND"]
[Date "2014.07.25"]
[Round "7.19"]
[White "Delabaca, Romuald"]
[Black "Castrillon Gomez, Melissa"]
[Result "1/2-1/2"]
[WhiteElo "2314"]
[BlackElo "2169"]
[PlyCount "80"]
[EventDate "2014.07.19"]
[EventType "swiss"]
[EventRounds "9"]
[EventCountry "AND"]
[Source "lmi"]
[SourceDate "2014.07.19"]

1. d4 Nf6 2. c4 c5 3. d5 b5 4. Qc2 d6 5. e4 bxc4 6. Bxc4 g6 7. h3 Bg7 8. Nf3
O-O 9. O-O Nbd7 10. Nc3 Nb6 11. Be2 Nfd7 12. Re1 c4 13. Be3 Ba6 14. Rad1 Qc7
15. Na4 Rfc8 16. Bd4 Bxd4 17. Nxd4 Ne5 18. f4 Nd3 19. Bxd3 cxd3 20. Qxc7 Rxc7
21. Nxb6 axb6 22. Nc6 Bb5 23. Nb4 Rc4 24. a3 Rd4 25. Rd2 Rc8 26. Kf2 Rcc4 27.
Kf3 f5 28. exf5 Rxf4+ 29. Kg3 gxf5 30. Rxe7 Rfe4 31. Rxe4 fxe4 32. Kf4 Be8 33.
b3 Rc3 34. Kxe4 Rxb3 35. Nxd3 Rxa3 36. Nf4 Kf7 37. Rb2 Ra4+ 38. Ke3 b5 39. Nd3
Ke7 40. Nb4 Kd7 1/2-1/2

[Event "32. Open Andorra Hotel St.Gothard "]
[Site "Erts-La Massana AND"]
[Date "2014.07.25"]
[Round "7.20"]
[White "Grollemund, Bertrand"]
[Black "Forsa, Espen"]
[Result "0-1"]
[WhiteElo "2138"]
[BlackElo "2256"]
[PlyCount "102"]
[EventDate "2014.07.19"]
[EventType "swiss"]
[EventRounds "9"]
[EventCountry "AND"]
[Source "lmi"]
[SourceDate "2014.07.19"]

1. e4 c5 2. Nf3 d6 3. Bb5+ Nd7 4. O-O Ngf6 5. Re1 a6 6. Bf1 b6 7. c3 Bb7 8. Qc2
Qc7 9. d3 g6 10. Nbd2 Bg7 11. b3 O-O 12. Bb2 d5 13. c4 d4 14. a3 e5 15. b4 Ne8
16. bxc5 bxc5 17. a4 Nd6 18. Nb3 f5 19. Ng5 Rae8 20. f3 Bh6 21. Bc1 Bxg5 22.
Bxg5 f4 23. Reb1 Nf7 24. Bh4 g5 25. Be1 Re6 26. Ra2 Rg6 27. Rab2 Bc8 28. Na5
Nd8 29. Kh1 Kh8 30. Nb3 Nc6 31. Qd2 Rfg8 32. Be2 Qd8 33. a5 h5 34. Na1 g4 35.
Bd1 Qg5 36. fxg4 hxg4 37. g3 Rh6 38. Ba4 Kg7 39. Bxc6 Rxc6 40. Nb3 Rh8 41. Nc1
Rch6 42. Rc2 Qf6 43. Nb3 Rh3 44. Qd1 Qg5 45. Rg2 Nf6 46. Nxc5 f3 47. Rd2 Qe3
48. Rbb2 Nh5 49. Nb7 Rxg3 50. Bf2 Rg2 51. Bh4 Nf4 0-1

[Event "32. Open Andorra Hotel St.Gothard "]
[Site "Erts-La Massana AND"]
[Date "2014.07.26"]
[Round "8.3"]
[White "Granda Zuniga, Julio E"]
[Black "Riff, Jean-Noel"]
[Result "1-0"]
[WhiteElo "2674"]
[BlackElo "2482"]
[PlyCount "61"]
[EventDate "2014.07.19"]
[EventType "swiss"]
[EventRounds "9"]
[EventCountry "AND"]
[Source "lmi"]
[SourceDate "2014.07.19"]

1. Nf3 c5 2. b3 Nc6 3. Bb2 d6 4. c4 e5 5. e3 g6 6. Be2 Bg7 7. O-O Nge7 8. d3
O-O 9. Qc2 f5 10. Nbd2 f4 11. Rfe1 fxe3 12. fxe3 Nf5 13. Nf1 Qf6 14. Bd1 Bd7
15. Qe2 Rae8 16. N1d2 Nd8 17. Ne4 Qe7 18. Bc2 Bc6 19. Rf1 Bh6 20. Bc1 Bxe4 21.
dxe4 Nh4 22. Ne1 Rxf1+ 23. Qxf1 Rf8 24. Qe2 Ne6 25. Bd3 Ng5 26. Bd2 Qe6 27. Nc2
Nxg2 28. Kxg2 Qh3+ 29. Kh1 Nf3 30. Bc3 Rf7 31. Qg2 1-0

[Event "32. Open Andorra Hotel St.Gothard "]
[Site "Erts-La Massana AND"]
[Date "2014.07.26"]
[Round "8.4"]
[White "Rios, Cristhian Camilo"]
[Black "Tkachiev, Vladislav"]
[Result "0-1"]
[WhiteElo "2421"]
[BlackElo "2625"]
[PlyCount "66"]
[EventDate "2014.07.19"]
[EventType "swiss"]
[EventRounds "9"]
[EventCountry "AND"]
[Source "lmi"]
[SourceDate "2014.07.19"]

1. d4 d6 2. c4 f5 3. Nc3 Nf6 4. g3 g6 5. Bg2 Bg7 6. Nf3 O-O 7. O-O c6 8. b3 Na6
9. Bb2 Qc7 10. Rc1 Rd8 11. d5 e5 12. dxe6 Bxe6 13. Qd2 Kh8 14. Rfd1 Bg8 15. Qf4
Nc5 16. b4 Ne6 17. Qh4 Ng4 18. a3 h6 19. h3 Ne5 20. Nxe5 dxe5 21. e4 g5 22. Qh5
Bf7 23. Qe2 Nd4 24. Qe1 f4 25. Ne2 Ne6 26. Bf3 a5 27. c5 axb4 28. axb4 Ra2 29.
Rxd8+ Qxd8 30. Rd1 Qf6 31. Rd2 fxg3 32. Bxe5 Qxf3 33. Bxg7+ Nxg7 0-1

[Event "32. Open Andorra Hotel St.Gothard "]
[Site "Erts-La Massana AND"]
[Date "2014.07.26"]
[Round "8.5"]
[White "Arizmendi Martinez, Julen Luis"]
[Black "Berthelot, Yannick"]
[Result "1-0"]
[WhiteElo "2553"]
[BlackElo "2278"]
[PlyCount "55"]
[EventDate "2014.07.19"]
[EventType "swiss"]
[EventRounds "9"]
[EventCountry "AND"]
[Source "lmi"]
[SourceDate "2014.07.19"]

1. d4 Nf6 2. c4 c5 3. d5 e6 4. Nc3 exd5 5. cxd5 d6 6. Nf3 g6 7. Nd2 Bg7 8. e4
O-O 9. Be2 Re8 10. O-O Na6 11. Kh1 Nc7 12. a4 Rb8 13. f3 Nh5 14. f4 Qh4 15.
Bxh5 gxh5 16. f5 b6 17. Nf3 Qe7 18. Bg5 Bf6 19. e5 Bxg5 20. exd6 Qxd6 21. Nxg5
Qh6 22. Nxf7 Kxf7 23. d6 Bb7 24. dxc7 Qc6 25. Qxh5+ Kf8 26. Rf3 Rbc8 27. Rg3
Rxc7 28. Qg5 1-0